000 00459nam a22001697a 4500
005 20251108165451.0
008 250721s1996 xx 000 0 ara d
082 1 4 _aق/قاس
100 1 _aقاسم، زياد
245 1 0 _aأبناء القلعة /
250 _aط2.
264 1 _aعمان :
_bمنشورات أمانة عمان الكبرى،
_c1996.
300 _a468ص.
650 1 7 _aالقصص العربية
942 _2ddc
_cBK
999 _c28618
_d28618